00772nam a2200169 a 450000100100000000500170001000800410002704000250006808200150009324501080010826000930021630000350030904900090034495201130035395201190046699900170058500002844420200930054940.0110408s2002 dr ac 000 0 spa d aDO-SdBNPbspacBNPHU axxxbC911m01aEl CRD : metas y proyectos :bVoz de la integración y del Desarrollo del Nordeste y el Cibao Central. aSan Pedro de Macorís, República Dominicana :bConsejo Regional de Desarrollo,c2002. a24 p. :bil., retrs. ;c22 cm. aBNPD 0010718PDaPDbPDcCTd2011-04-08iLF1l0oxxx C911mp28444-10r2020-06-25w2020-06-25yLFPDZNo se presta 0010718PDaPDbPDcCTd2011-06-08iLF1l0oxxx C911mp28444-20r2020-06-25te. 2w2020-06-25yLFPDZNo se presta c27936d27936